00434nam a2200157Ia 4500003000400000005001700004008004100021020001800062040000900080082001800089100002600107245007400133260004800207300000900255650001200264OSt20200619103442.0190216s9999||||xx |||||||||||||| ||und|| a9780195695120 coclc a954.02bFLO/P a Flood, Finbarr Barry 0aPiety And Politics In The Early Indian Mosque /cFinbarr Barry Flood bOxford University Press,c2011.aNew Delhi: a274p aHistory